000 00540nam a2200169 4500
001 120823
003 ES-MaACL
005 20230906191629.0
007 t|
008 070214s1973 brg r ||||1| bul d
100 1 _aPraskov, Liuben.
_993654
245 1 1 _a[La Torre de Krelio] /
_cLiuben Praskov.
260 _aSofía :
_bBligarski Judoshnic,
_c1973.
300 _a150 p., 5 lám. :
_bil. ;
_c29 cm.
500 _aEl tít. está en búlgaro. Trata de: La Torre de Krelio - Historia, Arquitectura y Pintura.
852 _aES-MaACL
_jA-8316
999 _c120823
_d120823